01255cam a2200301 a 450000100060000000300090000600500170001500800410003203500500007304000230012304100080014608200260015409000200018010000440020024500700024424600320031426000590034630000350040549000470044065000300048765000270051771000610054483000550060594200120066099900170067295201380068995201260082745125BD-RJUL 20211209053952.0160723s1923 ilu 000 0 eng d aOCLC ocm01998658 from D950517MaBD-RJUL 45243 aDLCcROBdEQObeng aeng a330.1222 bCLS 1923  aHB199b.C6 19311 aClark, John Maurice,d1884-1963912862310aStudies in the economics of overhead costs / cJohn Maurice Clark18aEconomics of overhead costs aChicago, Ill. :bUniversity of Chicago Press,c[1923]. axiii, 502 p. :bill. ; c21 cm1 aUniversity of Chicago studies in economics 0aSupply and demand9138244 0aOverhead costs91382052 aUniversity of Chicago.bDepartment of Economics.9138245 0aUniversity of Chicago studies in economics9138249 2ddccBK c45125d45125 00102ddc40708NFICaRUCLbRUCLcStackd1965-11-13eZeithlingerg63.00l0o330.1 CLS 1923r2016-07-23 00:00:00tC-2w2016-07-23yBK 00102ddc40708NFICaRUCLbRUCLcStackd1956-01-16eU.S.A.l0o330.1 CLS 1923r2016-07-24 00:00:00tC-3w2016-07-24yBK